00816nam a2200205 a 450000100100000000500170001000800410002702000150006804000250008310000250010824500770013326000720021030000210028249000220030350400730032571000610039883000290045995201050048899900170059300004101020201002034540.0130913s2000 sp 000 0 spa d a840007971X aDO-SdBNPbspacBNPHU1 aOchoa, Severo96746610aBase molecular de la expresión del mensaje genético /cSevero Ochoa. aMadrid :bConsejo Superior de Investigación Científicas,c2000. a219 p. ;c21 cm.1 aMonografíasv20 aIncluye referencias bibliográficas y notas al pie de las páginas2 aConsejo Superior de Investigación Científicas963831 0aMonografíasv20915334 001050718MOaGRbGRcCTd2013-09-13iLF1l0o p41010-10r2020-06-25w2020-06-25y1ZNo se presta c40500d40500